JCLI Landscape Maintenance Works Contract 2012 (Record no. 121457)
[ view plain ]
| 000 -LEADER | |
|---|---|
| fixed length control field | 00550nam a22001697a 4500 |
| 008 - FIXED-LENGTH DATA ELEMENTS--GENERAL INFORMATION | |
| fixed length control field | 230405s2012 xxk||||| |||| 00| 0 eng d |
| 041 ## - LANGUAGE CODE | |
| Language code of text/sound track or separate title | eng |
| 110 ## - MAIN ENTRY--CORPORATE NAME | |
| Corporate author | JCLI Contracts Forum |
| 245 ## - TITLE STATEMENT | |
| Title | JCLI Landscape Maintenance Works Contract 2012 |
| Subtitle | JCLI LMWC 2012 |
| 260 ## - PUBLICATION INFORMATION | |
| Place of publication | London, |
| Publisher | JCLI Contracts Forum, |
| Date | 2012 |
| 300 ## - PHYSICAL DESCRIPTION | |
| Physical description | 42p. |
| 500 ## - GENERAL NOTE | |
| General note | This amended contract is based on the JCT Minor building Works Contract 2011 Edition |
| 500 ## - GENERAL NOTE | |
| General note | Superseded by later edition |
| 650 ## - KEYWORDS | |
| Keywords | LANDSCAPING |
| 651 ## - SUBJECT ADDED ENTRY--GEOGRAPHIC NAME | |
| Geographic name | United Kingdom |
| 942 ## - ADDED ENTRY ELEMENTS (KOHA) | |
| Suppress in OPAC | Do not suppress in OPAC |
| Lost status | Damaged status | Not for loan | Home library | Current library | Shelving location | Date acquired | Total Checkouts | Full call number | Date last seen | Price effective from | Koha item type |
|---|---|---|---|---|---|---|---|---|---|---|---|
| London | London | Boxed set | 05/04/2023 | JCT CONTRACTS | 05/04/2023 | 05/04/2023 | Book |